000 01048pam a2200289 a 4500
999 _c3709
_d3709
001 4907852
003 GBCCL
005 20241126110501.0
008 940909r19951978miu b 001 0 eng
010 _a 94037812
020 _a0825437733
020 _a082543775X (pbk.)
040 _aDLC
_cDLC
_dDLC
050 0 0 _aBS1422
_b1995
082 0 0 _a223.2077
_220
_bSCR
100 1 _aScroggie, W. Graham
_q(William Graham),
_d1877-1958.
_97537
245 1 2 _aA guide to the Psalms /
_cW. Graham Scroggie.
260 _aGrand Rapids, MI :
_bKregel Publications,
_cc1995.
300 _a288, 301, 302, 327 p. ;
_c22 cm.
500 _aPreviously published: F.H Revell, 1978.
500 _aOn cover: A comprehensive analysis of the Psalms.
504 _aIncludes bibliographical references (p. 43-44, 1st group) and indexes.
630 0 0 _aBible.
_pPsalms
_xIntroductions.
_97538
906 _a7
_bcbc
_corignew
_d1
_eocip
_f19
_gy-gencatlg
942 _2ddc
_cBK
_06